| 000 | 00969nam a2200301 i 4500 | ||
|---|---|---|---|
| 001 | bg | ||
| 003 | BPK | ||
| 005 | 20220715100533.0 | ||
| 008 | 001020s2000 pl |000 0 pol | ||
| 015 | _aPB 2000/19316 | ||
| 020 | _a8371106823 | ||
| 040 |
_aWA N _cBPK |
||
| 041 | 0 | _apol | |
| 080 | _a34 | ||
| 080 | _a(03) | ||
| 245 | 0 | 0 |
_aEncyklopedia prawa / _cred. Urszula Kalina-Prasznic ; aut. Bogusław Banaszak [et al.]. |
| 250 | _aWyd. 2 zaktual. i poszerz. | ||
| 260 |
_aWarszawa : _bC. H. Beck, _c2000. |
||
| 300 |
_aXXXII, 1388 s. ; _c20 cm. |
||
| 504 | _aBibliogr., wykaz aktów prawnych. | ||
| 655 | 4 | _aEncyklopedia | |
| 650 | 4 | _aPrawo | |
| 700 | 1 |
_aKalina-Prasznic, Urszula _d(1947- ). _eRed. |
|
| 710 | 2 |
_aWydawnictwo C.H. Beck. _4pbl. |
|
| 700 | 1 |
_aBanaszak, Bogusław _d(1955-2018) _eAutor |
|
| 856 |
_uhttp://koha.tu.koszalin.pl/cgi-bin/koha/opac-detail.pl?biblionumber=41580 _yKatalog online BPK |
||
| 942 |
_2UKD _cKS |
||
| 999 |
_c41580 _d41580 |
||